La enciclopedia de los hábitats (Record no. 2058)

MARC details
000 -LEADER
campo de control de longitud fija 01409nam a2200337Ia 4500
003 - IDENTIFICADOR DE NÚMERO DE CONTROL
campo de control CO-BoRNBP
005 - FECHA Y HORA DE LA ÚLTIMA TRANSACCIÓN
campo de control 20230915185736.0
008 - DATOS DE LONGITUD FIJA--INFORMACIÓN GENERAL
campo de control de longitud fija 141031s999 ck 000 0 spa d
020 ## - NÚMERO INTERNACIONAL ESTÁNDAR DEL LIBRO
Número Internacional Estándar del Libro 9789588756431
040 ## - FUENTE DE CATALOGACIÓN
Centro catalogador/agencia de origen CO-BoRNBP
Lengua de catalogación spa
Normas de descripción rda
Centro/agencia transcriptor CO-BoRNBP
082 04 - NÚMERO DE LA CLASIFICACIÓN DECIMAL DEWEY
Número de clasificación R 591.7 F235e
Número de edición 22
100 1# - ENTRADA PRINCIPAL--NOMBRE DE PERSONA
Nombre de persona Farndon, John
9 (RLIN) 18344
245 13 - MENCIÓN DEL TÍTULO
Título La enciclopedia de los hábitats
Mención de responsabilidad, etc. John Farndon ; traducción Fernando Bort Misol, María Patricia Esguerra ; editora Liz Lambert
250 ## - MENCION DE EDICION
Mención de edición 2a edición
264 ## - PRODUCCIÓN, PUBLICACIÓN, DISTRIBUCIÓN, FABRICACIÓN Y COPYRIGHT
Producción, publicación, distribución, fabricación y copyright Bogotá
Nombre del de productor, editor, distribuidor, fabricante Panamericana
Fecha de producción, publicación, distribución, fabricación o copyright 2012
300 ## - DESCRIPCIÓN FÍSICA
Extensión 160 páginas
Otras características físicas ilustraciones y fotografías en color
Dimensiones 28 cm.
336 ## - TIPO DE CONTENIDO
Término de tipo de contenido texto
Código de tipo de contenido txt
Fuente rdacontent
337 ## - TIPO DE MEDIO
Nombre/término del tipo de medio sin mediación
Código del tipo de medio n
Fuente rdamedia
338 ## - TIPO DE SOPORTE
Nombre/término del tipo de soporte volumen
Código del tipo de soporte nc
Fuente rdacarrier
500 ## - NOTA GENERAL
Nota general Incluye índice alfabético y glosario
505 ## - NOTA DE CONTENIDO CON FORMATO
Nota de contenido con formato Praderas tropicales -- Selvas tropicales -- Desiertos -- Bosques templados -- Praderas templadas -- Taiga y tundra -- Humedales -- Montañas y regiones polares
534 ## - NOTA SOBRE LA VERSIÓN ORIGINAL
Mención de título del original The wild life atlas
650 14 - PUNTO DE ACCESO ADICIONAL DE MATERIA--TÉRMINO DE MATERIA
Fuente del encabezamiento o término LEMB
Término de materia o nombre geográfico como elemento de entrada Habitat (Ecología)
Subdivisión de forma Enciclopedias
9 (RLIN) 18345
650 14 - PUNTO DE ACCESO ADICIONAL DE MATERIA--TÉRMINO DE MATERIA
Fuente del encabezamiento o término LEMB
Término de materia o nombre geográfico como elemento de entrada Ecología animal
Subdivisión de forma Enciclopedias
9 (RLIN) 18346
650 14 - PUNTO DE ACCESO ADICIONAL DE MATERIA--TÉRMINO DE MATERIA
Fuente del encabezamiento o término LEMB
Término de materia o nombre geográfico como elemento de entrada Ecología de selva lluviosa
Subdivisión de forma Enciclopedias
9 (RLIN) 18347
650 14 - PUNTO DE ACCESO ADICIONAL DE MATERIA--TÉRMINO DE MATERIA
Fuente del encabezamiento o término LEMB
Término de materia o nombre geográfico como elemento de entrada Humedales
Subdivisión de forma Enciclopedias
9 (RLIN) 18348
700 1# - ENTRADA AGREGADA--NOMBRE PERSONAL
Nombre de persona Bort Misol, Fernando
Término indicativo de función/relación traductor
9 (RLIN) 18349
700 1# - ENTRADA AGREGADA--NOMBRE PERSONAL
Nombre de persona Esguerra, María Patricia
Término indicativo de función/relación traductor
9 (RLIN) 18350
700 1# - ENTRADA AGREGADA--NOMBRE PERSONAL
Nombre de persona Lambert , Liz
Término indicativo de función/relación editor
9 (RLIN) 18351
942 ## - ELEMENTOS DE ENTRADA SECUNDARIOS (KOHA)
Fuente del sistema de clasificación o colocación Clasificación Decimal Dewey
Tipo de ítem Koha Libros
Holdings
Estatus retirado Estado de pérdida Fuente del sistema de clasificación o colocación Estado de daño No para préstamo Biblioteca de origen Biblioteca actual Fecha de adquisición Total de préstamos Signatura topográfica completa Código de barras Visto por última vez Copia número Precio de reemplazo Tipo de ítem Koha
    Clasificación Decimal Dewey     BIBLIOTECA PÚBLICA MUNICIPAL RAMON CORREA MEJIA BIBLIOTECA PÚBLICA MUNICIPAL RAMON CORREA MEJIA 15/09/2023   R 591.7 F235e 01785 15/09/2023 Ej 1 15/09/2023 Libros
    Clasificación Decimal Dewey     BIBLIOTECA PÚBLICA MUNICIPAL RAMON CORREA MEJIA BIBLIOTECA PÚBLICA MUNICIPAL RAMON CORREA MEJIA 06/11/2014   R 591.7 F235en 33883 29/11/2023 1 29/11/2023 Libros

Powered by Koha